000 00402cam a22001097a 4500
008 180718b2015 xxu||||| |||| 00| 0 eng d
020 _a9789383833214
100 _aKoormachalam, Vishnu Murthy
245 _aLaw and social security in India ( organised and unorganised labour) : a comparison with other advanced countries
_cby Vishnu Murthy Koormachalam
260 _aMumbai
_bAarti
_c2015
300 _a687p.
999 _c503376
_d503376